Madurez en la vida religiosa / (Record no. 61474)

MARC details
000 -LEADER
campo de control de longitud fija 00839nam a2200241 i 4500
001 - NÚMERO DE CONTROL
campo de control 61474
003 - IDENTIFICADOR DE NÚMERO DE CONTROL
campo de control ES-MaACL
005 - FECHA Y HORA DE LA ÚLTIMA TRANSACCIÓN
campo de control 20230906164450.0
007 - CAMPO FIJO DE DESCRIPCIÓN FÍSICA--INFORMACIÓN GENERAL
campo de control de longitud fija t|
008 - DATOS DE LONGITUD FIJA--INFORMACIÓN GENERAL
campo de control de longitud fija 031112s1967 sp ||||1| spa d
100 1# - ENTRADA PRINCIPAL--NOMBRE DE PERSONA
Nombre de persona Evoy, John J.
9 (RLIN) 48401
245 10 - MENCIÓN DEL TÍTULO
Título Madurez en la vida religiosa /
Mención de responsabilidad, etc. John J. Evoy, Van F. Christoph ; con un prólogo del Cardenal Suenens ; [traducción por Ricardo Viejo y Luis Chacón].
260 ## - PUBLICACIÓN, DISTRIBUCIÓN, ETC.
Lugar de publicación, distribución, etc. Madrid :
Nombre del editor, distribuidor, etc. Razón y Fé,
Fecha de publicación, distribución, etc. 1967.
300 ## - DESCRIPCIÓN FÍSICA
Extensión 355 p. ;
Dimensiones 21 cm.
490 1# - MENCIÓN DE SERIE
Mención de serie Psicología, medicina, pastoral ;
Designación de volumen o secuencia 64
700 1# - ENTRADA AGREGADA--NOMBRE PERSONAL
Nombre de persona Christoph, Van F.
9 (RLIN) 38668
700 1# - ENTRADA AGREGADA--NOMBRE PERSONAL
Nombre de persona Suenens, Léon Joseph.
9 (RLIN) 108729
700 1# - ENTRADA AGREGADA--NOMBRE PERSONAL
Nombre de persona Viejo, Ricardo.
9 (RLIN) 114575
700 1# - ENTRADA AGREGADA--NOMBRE PERSONAL
Nombre de persona Chacón, Luis.
9 (RLIN) 37760
830 0# - PUNTO DE ACCESO ADICIONAL DE SERIE-TÍTULO UNIFORME
Título uniforme Psicología, medicina, pastoral ;
Designación de volumen o secuencia 64
9 (RLIN) 180800
852 ## - LOCALIZACIÓN
Ubicación ES-MaACL
Número de control de estantería C-50533
Sublocalización o colección R.65276
Holdings
Estatus retirado Estado de pérdida Estado de daño No para préstamo Biblioteca de origen Biblioteca actual Ubicación en estantería Fecha de adquisición Fuente de adquisición Total de préstamos Signatura topográfica completa Código de barras Visto por última vez Precio de reemplazo Tipo de ítem Koha
        Biblioteca del Ateneo de Madrid Biblioteca del Ateneo de Madrid Depósito 2 17/01/2008     C-50533 1064459 23/02/2023 23/02/2023 Libro impreso